Avant-propos (notice n° 1587448)

détails MARC
000 -LEADER
fixed length control field 01671cam a2200181 4500500
005 - DATE AND TIME OF LATEST TRANSACTION
control field 20251228061151.0
041 ## - LANGUAGE CODE
Language code of text/sound track or separate title fre
042 ## - AUTHENTICATION CODE
Authentication code dc
100 10 - MAIN ENTRY--PERSONAL NAME
Personal name Allavena, Julien
Relator term author
245 00 - TITLE STATEMENT
Title Avant-propos
260 ## - PUBLICATION, DISTRIBUTION, ETC.
Date of publication, distribution, etc. 2019.<br/>
500 ## - GENERAL NOTE
General note 18
520 ## - SUMMARY, ETC.
Summary, etc. Nicolas Tertulian relate dans cet entretien les débuts de sa carrière universitaire dans la Roumanie du début des années 1970, et son rôle de passeur, à la même époque en France, de Die Eigenart des Ästhetischen de Lukács, notamment auprès des chercheurs en sociologie littéraire de l’EHESS. Reconstruisant certains pans de son travail au long cours sur le philosophe hongrois, il revient ensuite sur ses échanges avec Marcuse et Adorno, et évoque à titre de témoin les relations critiques que Lukács entretenait avec l’École de Francfort.
520 ## - SUMMARY, ETC.
Summary, etc. In this interview Nicolas Tertulian recalls the beginning of his career as an academic in Romania in the 1970s. He also addresses his role during this same period in France as an intermediary in the reception of Lukacs’ Die Eigenart des Ästhetischen, notably among researchers in literary sociology at the EHESS. After an examination of certain aspects of his sustained engagement with Lukacs’ philosophy, he goes on to comment on his exchanges with Marcuse and Adorno and, from his position as an observer, on the relations, critical but never indifferent, which Lukacs maintained with the Frankfurt School.
700 10 - ADDED ENTRY--PERSONAL NAME
Personal name Polleri, Matteo
Relator term author
786 0# - DATA SOURCE ENTRY
Note Actuel Marx | 65 | 1 | 2019-02-15 | p. 149-154 | 0994-4524
856 41 - ELECTRONIC LOCATION AND ACCESS
Uniform Resource Identifier <a href="https://shs.cairn.info/revue-actuel-marx-2019-1-page-149?lang=fr&redirect-ssocas=7080">https://shs.cairn.info/revue-actuel-marx-2019-1-page-149?lang=fr&redirect-ssocas=7080</a>

Pas d'exemplaire disponible.

PLUDOC

PLUDOC est la plateforme unique et centralisée de gestion des bibliothèques physiques et numériques de Guinée administré par le CEDUST. Elle est la plus grande base de données de ressources documentaires pour les Étudiants, Enseignants chercheurs et Chercheurs de Guinée.

Adresse

627 919 101/664 919 101

25 boulevard du commerce
Kaloum, Conakry, Guinée

Réseaux sociaux

Powered by Netsen Group @ 2025